[Event "ENCI Limburg-open B"]
[Site "Maastricht"]
[Date "2008.05.11"]
[Round "5"]
[White "Sterck, Arno"]
[Black "Schoffelen, Jan"]
[Result "0-1"]
[WhiteElo "1133"]
[BlackElo "1439"]
[PlyCount "76"]
[EventDate "2008.05.09"]
[EventType "swiss"]
[EventRounds "7"]
[EventCountry "NED"]
[Source "P.Boonen"]
[SourceDate "2010.01.01"]

1. e4 e5 2. Nf3 Nf6 3. Nc3 Nc6 4. d4 exd4 5. Nxd4 Nxd4 6. Qxd4 d6 7. Bg5 Be7 8.
e5 dxe5 9. Qxe5 Be6 10. Rd1 Qc8 11. Bd3 a6 12. O-O Bd6 13. Qe3 Be7 14. Rde1 O-O
15. Ne4 Nd5 16. Qg3 Bxg5 17. Nxg5 Nf6 18. Qh4 Bf5 19. Bxf5 Qxf5 20. Re3 Qg4 21.
Qxg4 Nxg4 22. Rh3 h6 23. Ne4 f5 24. f3 fxe4 25. fxg4 Rxf1+ 26. Kxf1 Rd8 27. Re3
Rd2 28. Rxe4 Rxc2 29. Rb4 b5 30. Ke1 Rxg2 31. h4 Kf7 32. Rf4+ Kg6 33. Re4 Rxb2
34. Re6+ Kf7 35. Rxa6 Rb4 36. Ra7 Rc4 37. Kd2 Kf6 38. Ra6+ c6 0-1

[Event "ENCI Limburg-open B"]
[Site "Maastricht"]
[Date "2008.05.11"]
[Round "5"]
[White "Suilen, Willem"]
[Black "Smeets, Wouter"]
[Result "1/2-1/2"]
[WhiteElo "1570"]
[BlackElo "1761"]
[PlyCount "135"]
[EventDate "2008.05.09"]
[EventType "swiss"]
[EventRounds "7"]
[EventCountry "NED"]
[Source "P.Boonen"]
[SourceDate "2010.01.01"]

1. e4 d5 2. exd5 Qxd5 3. Nc3 Qa5 4. d4 Nf6 5. Nf3 c6 6. Bc4 Bf5 7. O-O e6 8.
Bd2 Bb4 9. a3 Bxc3 10. Bxc3 Qc7 11. Bb4 Nbd7 12. Re1 O-O-O 13. Qd2 Ne4 14. Qe3
Ndf6 15. Bd3 Ng4 16. Qe2 Ngxf2 17. Bxe4 Nxe4 18. Rad1 g5 19. Nd2 Rxd4 20. Nxe4
Rxe4 21. Qf2 Rxe1+ 22. Rxe1 b6 23. Qd2 h6 24. Bc3 Rg8 25. Qe2 g4 26. Be5 Qb7
27. Qc4 Rd8 28. Re2 b5 29. Qc5 Qb6 30. Qxb6 axb6 31. Kf2 Rd1 32. Bf4 h5 33. c3
Bd3 34. Re1 Rxe1 35. Kxe1 f6 36. g3 e5 37. Be3 Kd7 38. Bxb6 Ke6 39. Kd2 Bf1 40.
Be3 Kd5 41. Ke1 Bc4 42. Bh6 Ke4 43. Bg7 f5 44. Kd2 f4 45. Ke1 Kd5 46. Kd2 Bb3
47. Bf6 Ke4 48. Ke2 Kf5 49. Bg7 Bd5 50. Kf2 Be4 51. Ke2 Bc2 52. Kd2 Bb1 53. Ke2
Ke4 54. Bf6 Kd5 55. Bg5 f3+ 56. Ke3 Kc4 57. b4 e4 58. Bf6 Kb3 59. Bd4 Kxa3 60.
Kf2 Kb3 61. Ke3 Bd3 62. Kd2 Kc4 63. Ke3 Bb1 64. Kd2 Kd5 65. Be3 Ke5 66. Bd4+
Kf5 67. Be3 Bd3 68. Bd4 1/2-1/2

[Event "ENCI Limburg-open B"]
[Site "Maastricht"]
[Date "2008.05.11"]
[Round "5"]
[White "Thoma, Sophia"]
[Black "Strolenberg, Lars"]
[Result "1-0"]
[WhiteElo "1722"]
[BlackElo "1539"]
[PlyCount "41"]
[EventDate "2008.05.09"]
[EventType "swiss"]
[EventRounds "7"]
[EventCountry "NED"]
[Source "P.Boonen"]
[SourceDate "2010.01.01"]

1. e4 e5 2. Nf3 Nc6 3. Bb5 a6 4. Ba4 Bc5 5. c3 d6 6. d4 exd4 7. cxd4 Bb4+ 8.
Nc3 Bd7 9. O-O b5 10. Bc2 Bg4 11. Be3 Nf6 12. a4 Bxc3 13. bxc3 O-O 14. axb5
axb5 15. Rb1 Rb8 16. Qd3 Bxf3 17. gxf3 b4 18. Bg5 bxc3 19. e5 Nxe5 20. dxe5
dxe5 21. Rxb8 1-0

[Event "ENCI Limburg-open B"]
[Site "Maastricht"]
[Date "2008.05.11"]
[Round "5"]
[White "Tran, Long"]
[Black "Frijns, Raoul"]
[Result "1/2-1/2"]
[WhiteElo "1845"]
[BlackElo "1680"]
[PlyCount "89"]
[EventDate "2008.05.09"]
[EventType "swiss"]
[EventRounds "7"]
[EventCountry "NED"]
[Source "P.Boonen"]
[SourceDate "2010.01.01"]

1. d4 d5 2. Nf3 Nf6 3. Bg5 e6 4. e3 c5 5. c3 Nc6 6. Nbd2 Be7 7. Bd3 O-O 8. O-O
c4 9. Bc2 Bd7 10. Bxf6 Bxf6 11. e4 dxe4 12. Nxe4 Be7 13. Qe2 b5 14. Rad1 Qc7
15. Rfe1 Rad8 16. Kh1 Bc8 17. Neg5 h6 18. Ne4 Bb7 19. Ng3 Rfe8 20. Qe4 g6 21.
Qe3 Bf8 22. Ne4 Bg7 23. Nc5 Ne7 24. Nxe6 fxe6 25. Qxe6+ Kh7 26. Nh4 Qc6 27. Qg4
Bc8 28. Qg3 Qd6 29. Qxd6 Rxd6 30. Re3 Re6 31. Rxe6 Bxe6 32. Re1 Bf7 33. f4 Nd5
34. Rxe8 Bxe8 35. f5 Ne7 36. g4 Bf6 37. fxg6+ Nxg6 38. Nf5 Bg5 39. h4 Bc1 40.
h5 Nf4 41. Nd6+ Kh8 42. Nxe8 Bxb2 43. Nc7 a6 44. a4 bxa4 45. Bxa4 1/2-1/2

[Event "ENCI Limburg-open B"]
[Site "Maastricht"]
[Date "2008.05.11"]
[Round "5"]
[White "Tromp, Sander"]
[Black "Heman, Frans"]
[Result "1-0"]
[WhiteElo "1791"]
[BlackElo "1555"]
[PlyCount "74"]
[EventDate "2008.05.09"]
[EventType "swiss"]
[EventRounds "7"]
[EventCountry "NED"]
[Source "P.Boonen"]
[SourceDate "2010.01.01"]

1. e4 e6 2. d4 c5 3. Nf3 cxd4 4. Nxd4 a6 5. Nc3 b5 6. a3 Bb7 7. Bd3 Nc6 8. Nf3
d6 9. Qe2 Be7 10. O-O Nf6 11. Rd1 e5 12. Be3 O-O 13. Nd5 Nxd5 14. exd5 Nb8 15.
Bf5 Nd7 16. c4 bxc4 17. Qxc4 Nf6 18. Rac1 g6 19. Bh3 Ne8 20. Qb4 Rb8 21. Bb6
Bxd5 22. Bxd8 Rxb4 23. Bxe7 Bxf3 24. axb4 Bxd1 25. Bxf8 Ba4 26. Bh6 f5 27. g3
Nf6 28. Bf1 Ng4 29. Rc8+ Kf7 30. Bc4+ Kf6 31. Rf8+ Ke7 32. Rf7+ Ke8 33. Rxh7 e4
34. Bf7+ Ke7 35. Bb3+ Kf6 36. Rf7+ Ke5 37. Bg7+ Nf6 1-0

[Event "ENCI Limburg-open B"]
[Site "Maastricht"]
[Date "2008.05.11"]
[Round "5"]
[White "Tutenel, Eric"]
[Black "Arns, Danny"]
[Result "1-0"]
[WhiteElo "1587"]
[BlackElo "1298"]
[PlyCount "73"]
[EventDate "2008.05.09"]
[EventType "swiss"]
[EventRounds "7"]
[EventCountry "NED"]
[Source "P.Boonen"]
[SourceDate "2010.01.01"]

1. e4 e6 2. d4 d5 3. exd5 exd5 4. c4 dxc4 5. Bxc4 Nf6 6. Nc3 Bb4 7. Nge2 O-O 8.
O-O Re8 9. Bg5 h6 10. Bh4 Bg4 11. f3 Be6 12. d5 Bf5 13. Ng3 Bg6 14. Qd4 Be7 15.
Nge2 b6 16. Kh1 a6 17. Nf4 Bh7 18. Nd3 c5 19. Qe3 g5 20. Bg3 Bd6 21. Qd2 Bxg3
22. hxg3 b5 23. Nxb5 axb5 24. Bxb5 Re7 25. Nxc5 Qa5 26. Qxa5 Rxa5 27. a4 Rc7
28. b4 Raa7 29. Rfe1 Re7 30. d6 Rxe1+ 31. Rxe1 Nbd7 32. Re7 Bf5 33. Bc6 Kf8 34.
b5 Ng8 35. Nxd7+ Bxd7 36. Rxd7 Rxd7 37. Bxd7 1-0

[Event "ENCI Limburg-open B"]
[Site "Maastricht"]
[Date "2008.05.11"]
[Round "5"]
[White "Van Ginneken, Jeroen"]
[Black "Willen, Ronny"]
[Result "0-1"]
[WhiteElo "1597"]
[BlackElo "1812"]
[PlyCount "44"]
[EventDate "2008.05.09"]
[EventType "swiss"]
[EventRounds "7"]
[EventCountry "NED"]
[Source "P.Boonen"]
[SourceDate "2010.01.01"]

1. f4 d5 2. Nf3 c5 3. e3 e6 4. b3 Bd6 5. Bb2 f6 6. Be2 Nc6 7. O-O Bd7 8. Qe1
Qe7 9. c4 Nb4 10. Bd1 Nd3 11. Qh4 Nxb2 12. Bc2 O-O-O 13. Nc3 dxc4 14. f5 Nd3
15. Qxc4 Nb4 16. Bd1 exf5 17. a3 Be6 18. Qb5 a6 19. Qb6 Nc6 20. d4 Bc7 21. Qxc5
Qxc5 22. dxc5 Rd3 0-1

[Event "ENCI Limburg-open B"]
[Site "Maastricht"]
[Date "2008.05.11"]
[Round "5"]
[White "Van Ginneken, Maikel"]
[Black "Kleijnen, Jos"]
[Result "1/2-1/2"]
[WhiteElo "1277"]
[BlackElo "1484"]
[PlyCount "101"]
[EventDate "2008.05.09"]
[EventType "swiss"]
[EventRounds "7"]
[EventCountry "NED"]
[Source "P.Boonen"]
[SourceDate "2010.01.01"]

1. d4 d5 2. c4 Nf6 3. Nc3 c6 4. Bg5 e6 5. e3 Nbd7 6. Nf3 dxc4 7. Bxc4 Bd6 8.
O-O Qc7 9. Qc2 Ng4 10. g3 h6 11. Bf4 e5 12. dxe5 Ngxe5 13. Bxe5 Nxe5 14. Nxe5
Bxe5 15. Qb3 O-O 16. Rfd1 Bg4 17. Rd2 Rad8 18. Rc2 Rd7 19. Kg2 Rfd8 20. h3 Bh5
21. Rb1 Bg6 22. e4 Bxc3 23. Qxc3 Bxe4+ 24. Kg1 Bxc2 25. Qxc2 Rd2 26. Qb3 R8d7
27. Re1 Kf8 28. Qe3 Qb8 29. Qe4 Rd1 30. Rxd1 Rxd1+ 31. Kg2 Kg8 32. Bxf7+ Kxf7
33. Qf3+ Kg8 34. Qxd1 Qc7 35. f3 a6 36. a3 Qe7 37. Qb3+ Kh8 38. g4 Qc7 39. Qe6
Qd8 40. Qb3 Qb8 41. Qf7 Qc8 42. Kg3 c5 43. b3 b5 44. Qg6 Qb8+ 45. Kf2 c4 46.
bxc4 bxc4 47. Qxa6 Qb2+ 48. Ke1 Qc1+ 49. Ke2 Qc2+ 50. Ke1 Qc1+ 51. Ke2 1/2-1/2

[Event "ENCI Limburg-open B"]
[Site "Maastricht"]
[Date "2008.05.11"]
[Round "5"]
[White "Van Meegen, Henk"]
[Black "Heuts, John"]
[Result "0-1"]
[WhiteElo "1403"]
[BlackElo "1746"]
[PlyCount "56"]
[EventDate "2008.05.09"]
[EventType "swiss"]
[EventRounds "7"]
[EventCountry "NED"]
[Source "P.Boonen"]
[SourceDate "2010.01.01"]

1. e4 e6 2. Nf3 d5 3. exd5 exd5 4. d4 Nf6 5. Nc3 Bg4 6. Be2 Bb4 7. Bd2 O-O 8.
Ne5 Bxe2 9. Qxe2 Re8 10. O-O Nc6 11. a3 Nxd4 12. Qd3 Bxc3 13. Nxf7 Kxf7 14.
Bxc3 Ne2+ 15. Kh1 Nxc3 16. Qxc3 Qd6 17. Rad1 Re2 18. Qf3 Rae8 19. Kg1 c6 20.
Qb3 b6 21. c4 Kg8 22. cxd5 Nxd5 23. a4 Qb4 24. Qh3 Qxb2 25. Qd7 Qc2 26. Ra1 Rf8
27. Rac1 Rexf2 28. Qe6+ Kh8 0-1

[Event "ENCI Limburg-open B"]
[Site "Maastricht"]
[Date "2008.05.11"]
[Round "5"]
[White "Van Oirschot, Kees"]
[Black "De Vries, Robert"]
[Result "1-0"]
[WhiteElo "1807"]
[BlackElo "1573"]
[PlyCount "61"]
[EventDate "2008.05.09"]
[EventType "swiss"]
[EventRounds "7"]
[EventCountry "NED"]
[Source "P.Boonen"]
[SourceDate "2010.01.01"]

1. d4 d5 2. c4 Nf6 3. cxd5 Qxd5 4. Nc3 Qa5 5. Nf3 e6 6. Bd2 Bb4 7. e3 O-O 8.
Bd3 Nbd7 9. O-O c5 10. a3 Bxc3 11. Bxc3 Qc7 12. Rc1 Rd8 13. dxc5 Nd5 14. b4
Nxc3 15. Rxc3 Ne5 16. Nxe5 Qxe5 17. Qc2 Qh5 18. f4 Bd7 19. Rf3 e5 20. f5 Qh4
21. Rg3 Bc6 22. b5 Bd5 23. e4 Bxe4 24. Bxe4 Rd4 25. Bxb7 Rad8 26. Bf3 Qf4 27.
Rg4 Qxg4 28. Bxg4 Rxg4 29. Rd3 Rxd3 30. Qxd3 Rd4 31. Qf3 1-0

[Event "ENCI Limburg-open B"]
[Site "Maastricht"]
[Date "2008.05.11"]
[Round "5"]
[White "Van Steenwinckel, Hugo"]
[Black "Visse, Bernard"]
[Result "1/2-1/2"]
[WhiteElo "1699"]
[BlackElo "1518"]
[PlyCount "71"]
[EventDate "2008.05.09"]
[EventType "swiss"]
[EventRounds "7"]
[EventCountry "NED"]
[Source "P.Boonen"]
[SourceDate "2010.01.01"]

1. e4 c6 2. d4 d5 3. Nd2 dxe4 4. Nxe4 Nf6 5. Nxf6+ gxf6 6. Bc4 Bf5 7. Nf3 e6 8.
Bf4 Bd6 9. Bg3 Qc7 10. Qd2 Nd7 11. O-O-O O-O-O 12. Nh4 Bg6 13. f4 f5 14. Nf3
Bh5 15. Qe3 Rde8 16. Rde1 Nf6 17. Ne5 Ng4 18. Qd2 Rhg8 19. Bh4 Nh6 20. h3 Be7
21. Bg5 Rxg5 22. fxg5 Qd8 23. h4 Ng4 24. Kb1 Nxe5 25. Rxe5 Rg8 26. Be2 Bxe2 27.
Rxe2 Rg6 28. Rhe1 h6 29. gxh6 Bxh4 30. Rd1 Bg5 31. Qb4 Rxh6 32. a4 Be7 33. Qc3
Kb8 34. Qg3+ Kc8 35. Rd3 Rh8 36. Qe5 1/2-1/2

[Event "ENCI Limburg-open B"]
[Site "Maastricht"]
[Date "2008.05.11"]
[Round "5"]
[White "Van den Heede, Dorian"]
[Black "De Vries, Paul"]
[Result "1-0"]
[WhiteElo "1686"]
[BlackElo "1495"]
[PlyCount "69"]
[EventDate "2008.05.09"]
[EventType "swiss"]
[EventRounds "7"]
[EventCountry "NED"]
[Source "P.Boonen"]
[SourceDate "2010.01.01"]

1. e4 d6 2. d4 g6 3. Nc3 Bg7 4. Be3 a6 5. Bd3 b6 6. Nge2 Bb7 7. f3 Nd7 8. Qd2
e6 9. Ng3 Ne7 10. Nce2 h6 11. c3 Nf6 12. O-O g5 13. h3 Ng6 14. a4 Qe7 15. b4
O-O-O 16. b5 a5 17. Rfc1 d5 18. c4 dxc4 19. Bxc4 Nd7 20. Qc2 Kb8 21. Bd3 Rc8
22. Qd2 Rhe8 23. Rab1 Nf6 24. Bf2 Nd7 25. Nf1 Rh8 26. Ne3 Nf6 27. Nc4 h5 28.
Nxa5 Nxe4 29. fxe4 bxa5 30. Qxa5 Qd6 31. d5 Rcd8 32. Qa7+ Kc8 33. b6 Rd7 34.
bxc7 Rxc7 35. Rxc7+ 1-0

[Event "ENCI Limburg-open B"]
[Site "Maastricht"]
[Date "2008.05.11"]
[Round "5"]
[White "Van der Sanden, Martien"]
[Black "Van Delft, Karel"]
[Result "1-0"]
[WhiteElo "1872"]
[BlackElo "1641"]
[PlyCount "73"]
[EventDate "2008.05.09"]
[EventType "swiss"]
[EventRounds "7"]
[EventCountry "NED"]
[Source "P.Boonen"]
[SourceDate "2010.01.01"]

1. e4 c6 2. d4 d5 3. Nc3 dxe4 4. Nxe4 Bf5 5. Ng3 Bg6 6. Nf3 Nd7 7. h4 h6 8. h5
Bh7 9. Bd3 Bxd3 10. Qxd3 e6 11. Bd2 Ngf6 12. O-O-O Bd6 13. Rde1 O-O 14. Ne4
Nxe4 15. Qxe4 Nf6 16. Qe2 c5 17. dxc5 Bxc5 18. Ne5 Bd6 19. f4 Rc8 20. g4 Bxe5
21. fxe5 Nh7 22. Kb1 Qc7 23. Bc1 Qc4 24. Rhg1 Qxe2 25. Rxe2 Ng5 26. b3 Rfd8 27.
Rf1 Rd7 28. c4 Rd4 29. Ref2 Rc7 30. Rf4 Rxf4 31. Bxf4 Rd7 32. Kc2 Kf8 33. Bxg5
hxg5 34. Rd1 Ke7 35. Rxd7+ Kxd7 36. Kd3 f5 37. exf6 1-0

[Event "ENCI Limburg-open B"]
[Site "Maastricht"]
[Date "2008.05.11"]
[Round "5"]
[White "Vancleef, Arne"]
[Black "Peek, Harrie"]
[Result "0-1"]
[WhiteElo "1517"]
[BlackElo "1722"]
[PlyCount "70"]
[EventDate "2008.05.09"]
[EventType "swiss"]
[EventRounds "7"]
[EventCountry "NED"]
[Source "P.Boonen"]
[SourceDate "2010.01.01"]

1. d4 d5 2. Nf3 Nf6 3. e3 e6 4. Bd3 Be7 5. O-O O-O 6. Ne5 Nbd7 7. f4 c5 8. b3
cxd4 9. exd4 Qb6 10. Bb2 Bd6 11. Kh1 Nb8 12. Nd2 Nc6 13. c3 a6 14. Qf3 Qa5 15.
g4 Nxd4 16. Qh3 Nc6 17. Nxc6 bxc6 18. g5 Ne4 19. Nxe4 dxe4 20. Bxe4 g6 21. Qh6
e5 22. c4 Ra7 23. Rf3 f6 24. gxf6 Rxf6 25. Bxc6 Bb7 26. Bxb7 Rxb7 27. Qg5 Rf5
28. Qg1 Qc7 29. Re1 Qc6 30. Qg2 Rbf7 31. Ref1 e4 32. R3f2 Bc5 33. Re2 Rxf4 34.
Rxf4 Rxf4 35. Qg5 Rf1+ 0-1

[Event "ENCI Limburg-open B"]
[Site "Maastricht"]
[Date "2008.05.11"]
[Round "5"]
[White "Verstraeten, Reinaert"]
[Black "Roelofs, Iris"]
[Result "1-0"]
[WhiteElo "1724"]
[BlackElo "1330"]
[PlyCount "117"]
[EventDate "2008.05.09"]
[EventType "swiss"]
[EventRounds "7"]
[EventCountry "NED"]
[Source "P.Boonen"]
[SourceDate "2010.01.01"]

1. e4 e5 2. Nf3 d6 3. d4 exd4 4. Nxd4 Nf6 5. Nc3 Be7 6. Be3 c5 7. Bb5+ Nbd7 8.
Nf5 O-O 9. Nxd6 Qc7 10. Nxc8 Raxc8 11. O-O Nb6 12. Qe2 h5 13. f3 Qe5 14. Rad1
Bd6 15. f4 Qe7 16. e5 Bxe5 17. fxe5 Qxe5 18. Bf4 Qxe2 19. Bxe2 Rfe8 20. Bf3 Re7
21. Bg5 Nc4 22. b3 Ne3 23. Bxe3 Rxe3 24. Nd5 Re5 25. Nxf6+ gxf6 26. Bxb7 Rb8
27. Ba6 Rb6 28. Bd3 Rg5 29. Rf5 Kg7 30. Rxg5+ fxg5 31. Bc4 Rb7 32. Rd5 f6 33.
Rxc5 Re7 34. Kf2 Kh6 35. Bd3 h4 36. Rd5 Rg7 37. c4 g4 38. c5 g3+ 39. hxg3 hxg3+
40. Kf3 Rc7 41. Kxg3 Kg7 42. Bf5 Rc6 43. b4 a6 44. a4 Kf8 45. b5 axb5 46. axb5
Rc7 47. c6 Ra7 48. Rd8+ Ke7 49. Rd7+ Rxd7 50. cxd7 Kd8 51. b6 Ke7 52. b7 Kd8
53. b8=Q+ Ke7 54. Qe8+ Kd6 55. d8=R+ Kc7 56. Qd7+ Kb6 57. Rb8+ Ka6 58. Qb5+ Ka7
59. Qb7# 1-0

[Event "ENCI Limburg-open B"]
[Site "Maastricht"]
[Date "2008.05.11"]
[Round "5"]
[White "Yue, Tim"]
[Black "Otten, Martijn"]
[Result "0-1"]
[WhiteElo "1482"]
[BlackElo "1796"]
[PlyCount "98"]
[EventDate "2008.05.09"]
[EventType "swiss"]
[EventRounds "7"]
[EventCountry "NED"]
[Source "P.Boonen"]
[SourceDate "2010.01.01"]

1. e4 e5 2. Nf3 Nc6 3. d4 exd4 4. Nxd4 Bc5 5. Be3 Qf6 6. c3 Nge7 7. Bc4 Ne5 8.
Bb3 d6 9. h3 Qg6 10. Rh2 Qxe4 11. Bc2 Qh4 12. Qd2 h6 13. Na3 O-O 14. b4 Bb6 15.
O-O-O Bd7 16. Rhh1 Rfe8 17. Bb3 Nf5 18. g3 Qd8 19. Nac2 Re7 20. Bd5 c6 21. Be4
Nxd4 22. Nxd4 Nc4 23. Qd3 Nxe3 24. fxe3 Qe8 25. Bf5 Rxe3 26. Bxd7 Rxd3 27. Bxe8
Rxd1+ 28. Rxd1 Rxe8 29. Nf5 d5 30. Kd2 Bc7 31. Re1 Rxe1 32. Kxe1 Be5 33. Kd2 h5
34. g4 g6 35. Nh4 hxg4 36. hxg4 Kg7 37. Nf3 Kf6 38. Nxe5 Kxe5 39. Ke3 b5 40. a3
f5 41. gxf5 gxf5 42. Kf3 f4 43. Ke2 Ke4 44. Kf2 f3 45. Kf1 Ke3 46. Ke1 a6 47.
Kf1 f2 48. c4 dxc4 49. a4 bxa4 0-1

[Event "ENCI Limburg-open B"]
[Site "Maastricht"]
[Date "2008.05.12"]
[Round "6"]
[White "Andziulevicius, Kestutis"]
[Black "Suilen, Willem"]
[Result "0-1"]
[WhiteElo "1732"]
[BlackElo "1570"]
[PlyCount "92"]
[EventDate "2008.05.09"]
[EventType "swiss"]
[EventRounds "7"]
[EventCountry "NED"]
[Source "P.Boonen"]
[SourceDate "2010.01.01"]

1. e4 e5 2. Nf3 Nc6 3. Bc4 Nf6 4. Ng5 d5 5. exd5 b5 6. Bf1 h6 7. Nf3 e4 8. dxc6
exf3 9. Qxf3 Bc5 10. Qe2+ Be6 11. b4 Bb6 12. c3 O-O 13. d4 Bc4 14. Qc2 Re8+ 15.
Be3 Bxf1 16. Rxf1 Nd5 17. Kd2 Qf6 18. Na3 Qxc6 19. Rae1 a5 20. g3 axb4 21. cxb4
Nxb4 22. Qxc6 Nxc6 23. Nxb5 Rxa2+ 24. Kd3 Rd8 25. Rc1 Nb4+ 26. Ke4 Nd5 27. h4
Rb2 28. Rb1 Rxb5 29. Rbc1 Nxe3 30. fxe3 Re8+ 31. Kf4 g6 32. g4 h5 33. Rf3 hxg4
34. Kxg4 Re4+ 35. Kg3 Rb3 36. Kf2 Rxh4 37. Rf1 Re4 38. Kg2 Rexe3 39. Rxf7 Re2+
40. R1f2 Rxf2+ 41. Rxf2 Bxd4 42. Rf4 Rb2+ 43. Kh3 Be5 44. Rc4 Bd6 45. Kg4 Rb4
46. Rxb4 Bxb4 0-1

[Event "ENCI Limburg-open B"]
[Site "Maastricht"]
[Date "2008.05.12"]
[Round "6"]
[White "Arns, Danny"]
[Black "Racke, Dana"]
[Result "1/2-1/2"]
[WhiteElo "1298"]
[BlackElo "1075"]
[PlyCount "71"]
[EventDate "2008.05.09"]
[EventType "swiss"]
[EventRounds "7"]
[EventCountry "NED"]
[Source "P.Boonen"]
[SourceDate "2010.01.01"]

1. e4 c5 2. Nc3 Nc6 3. Bc4 e6 4. Nf3 d6 5. d4 cxd4 6. Nxd4 Bd7 7. Be3 Nf6 8.
O-O a6 9. h3 Be7 10. a3 O-O 11. f4 Qc7 12. Bd3 Qb6 13. Na4 Qa7 14. c3 Bd8 15.
b3 Qb8 16. Nb2 Bb6 17. Nc2 Qc7 18. Qf3 Rac8 19. Qg3 Nh5 20. Qh4 g6 21. g4 Ng7
22. Nc4 Bxe3+ 23. N4xe3 Qb6 24. b4 Nb8 25. c4 Ba4 26. Qf2 Rfd8 27. f5 Rf8 28.
f6 Ne8 29. Qf4 Nd7 30. g5 Bxc2 31. Bxc2 Rxc4 32. Ba4 Rc3 33. Rf3 Qd4 34. Rd1
Qe5 35. Qh4 b5 36. Bc2 1/2-1/2

[Event "ENCI Limburg-open B"]
[Site "Maastricht"]
[Date "2008.05.12"]
[Round "6"]
[White "Augustin, Petr"]
[Black "Morren, Emily"]
[Result "1/2-1/2"]
[WhiteElo "1175"]
[BlackElo "1416"]
[PlyCount "46"]
[EventDate "2008.05.09"]
[EventType "swiss"]
[EventRounds "7"]
[EventCountry "NED"]
[Source "P.Boonen"]
[SourceDate "2010.01.01"]

1. e4 e6 2. d4 d5 3. Nc3 c5 4. Nf3 Nc6 5. Bb5 Bd7 6. Bf4 cxd4 7. Nxd4 Nxd4 8.
Qxd4 Bxb5 9. Nxb5 Qa5+ 10. Nc3 Nf6 11. f3 Bb4 12. e5 Bxc3+ 13. bxc3 Nd7 14. O-O
O-O 15. Bd2 Qc7 16. Rfe1 h6 17. f4 Rac8 18. Qf2 Nb6 19. Qg3 f5 20. exf6 Rxf6
21. Qg4 Qf7 22. Rab1 Nc4 23. Be3 Nxe3 1/2-1/2

[Event "ENCI Limburg-open B"]
[Site "Maastricht"]
[Date "2008.05.12"]
[Round "6"]
[White "Auwens, Michel"]
[Black "Overtoom, Reinier"]
[Result "1-0"]
[WhiteElo "1801"]
[BlackElo "1672"]
[PlyCount "55"]
[EventDate "2008.05.09"]
[EventType "swiss"]
[EventRounds "7"]
[EventCountry "NED"]
[Source "P.Boonen"]
[SourceDate "2010.01.01"]

1. e4 c5 2. Nf3 d6 3. d4 cxd4 4. c3 d3 5. Bxd3 Nf6 6. Bc4 Nc6 7. O-O e6 8. Qe2
Be7 9. Rd1 Qc7 10. a4 O-O 11. Na3 a6 12. Bf4 e5 13. Bg5 Be6 14. Bxe6 fxe6 15.
Nc4 b5 16. axb5 axb5 17. Na3 Qb7 18. Nxb5 Rxa1 19. Rxa1 Rb8 20. c4 d5 21. exd5
exd5 22. Nxe5 Nxe5 23. Ra7 Qb6 24. Qxe5 Bc5 25. Bxf6 gxf6 26. Qg3+ Kf8 27. Qg7+
Ke8 28. Nc7+ 1-0

[Event "ENCI Limburg-open B"]
[Site "Maastricht"]
[Date "2008.05.12"]
[Round "6"]
[White "Been, Klaas"]
[Black "Knof, Henrike"]
[Result "1/2-1/2"]
[WhiteElo "1625"]
[BlackElo "1422"]
[PlyCount "126"]
[EventDate "2008.05.09"]
[EventType "swiss"]
[EventRounds "7"]
[EventCountry "NED"]
[Source "P.Boonen"]
[SourceDate "2010.01.01"]

1. d4 Nf6 2. Nf3 d5 3. e3 Bg4 4. Bd3 Nbd7 5. Nbd2 e5 6. dxe5 Nxe5 7. h3 Nxd3+
8. cxd3 Bh5 9. O-O Bd6 10. Qb3 b6 11. Qa4+ Qd7 12. Qxd7+ Nxd7 13. b3 Ne5 14.
Nxe5 Bxe5 15. d4 Bf6 16. f4 Be2 17. Re1 Bd3 18. Kf2 O-O 19. Ba3 Rfe8 20. Rac1
Rac8 21. Rc3 Bb5 22. Rec1 c6 23. Nf3 h6 24. Bd6 c5 25. a4 Ba6 26. g4 cxd4 27.
Nxd4 Bh4+ 28. Kf3 Rxc3 29. Rxc3 Be1 30. Rc7 Bd2 31. Re7 Rxe7 32. Bxe7 Bf1 33.
h4 a6 34. Kf2 Bd3 35. Nf3 Bc3 36. Bd6 b5 37. axb5 axb5 38. Ne1 Bb1 39. Be7 b4
40. Ke2 Ba2 41. Nd3 Bxb3 42. Bxb4 Bf6 43. g5 hxg5 44. hxg5 Bd8 45. Kd2 g6 46.
Bc3 Kf8 47. Bb4+ Kg7 48. Kc3 Bc4 49. Bc5 f6 50. Bd4 Kf7 51. gxf6 Bxf6 52. Nb2
Ba2 53. Na4 Bb1 54. Nb6 Be4 55. Bxf6 Kxf6 56. Kd4 Ke6 57. Na4 Bf3 58. Nc5+ Kd6
59. Nd3 Be4 60. Ne5 Bf5 61. Nf7+ Ke6 62. Ng5+ Kd6 63. Nf7+ Ke6 1/2-1/2

[Event "ENCI Limburg-open B"]
[Site "Maastricht"]
[Date "2008.05.12"]
[Round "6"]
[White "Begri, Felix"]
[Black "De Lange, Marieke"]
[Result "1-0"]
[WhiteElo "1365"]
[BlackElo "1130"]
[PlyCount "99"]
[EventDate "2008.05.09"]
[EventType "swiss"]
[EventRounds "7"]
[EventCountry "NED"]
[Source "P.Boonen"]
[SourceDate "2010.01.01"]

1. e4 e5 2. Bc4 Nf6 3. Nc3 Bb4 4. d3 Bxc3+ 5. bxc3 d5 6. exd5 Nxd5 7. Nf3 Nc6
8. Bb2 O-O 9. d4 Re8 10. O-O e4 11. Ne5 Nxe5 12. dxe5 Rxe5 13. Qd4 Qd6 14. Rad1
Be6 15. Bxd5 Qxd5 16. Qb4 Qc6 17. Qd4 Qd5 18. Qb4 Qb5 19. Rd4 f5 20. Rfd1 Kf7
21. Qxb5 Rxb5 22. Rb4 Rxb4 23. cxb4 Re8 24. a4 Bc4 25. h3 e3 26. fxe3 Rxe3 27.
Rd7+ Re7 28. Rd4 b5 29. axb5 Bxb5 30. Rd5 Bd7 31. Kf2 Be6 32. Rc5 g5 33. Be5
Kg6 34. Bxc7 h5 35. c4 Rd7 36. Rc6 Rd2+ 37. Ke3 Rxg2 38. Rxe6+ Kf7 39. Ra6 Rb2
40. Rxa7 Ke6 41. b5 Rb3+ 42. Kd4 f4 43. b6 f3 44. Ra1 g4 45. hxg4 hxg4 46. c5
g3 47. Bxg3 Kd7 48. Ra7+ Kc6 49. Kc4 Rb5 50. Rc7# 1-0

[Event "ENCI Limburg-open B"]
[Site "Maastricht"]
[Date "2008.05.12"]
[Round "6"]
[White "Beukema, Louise"]
[Black "Heijltjes, Thijs"]
[Result "1/2-1/2"]
[WhiteElo "1217"]
[BlackElo "1446"]
[PlyCount "77"]
[EventDate "2008.05.09"]
[EventType "swiss"]
[EventRounds "7"]
[EventCountry "NED"]
[Source "P.Boonen"]
[SourceDate "2010.01.01"]

1. e4 e5 2. d4 exd4 3. c3 Be7 4. cxd4 Nf6 5. Nc3 d6 6. Nf3 O-O 7. Bf4 Nfd7 8.
Bc4 c6 9. Bb3 Nb6 10. O-O d5 11. Re1 Re8 12. Bc2 Na6 13. a3 Be6 14. Qd3 g6 15.
Bh6 Nc7 16. Re3 Nc4 17. Re2 Nxb2 18. Qe3 Nc4 19. Qf4 Bd7 20. Ng5 Bxg5 21. Qxg5
Qxg5 22. Bxg5 Ne6 23. Bf6 Nf4 24. Ree1 b6 25. exd5 Nxd5 26. Nxd5 cxd5 27. Rec1
Na5 28. h3 Rac8 29. Bd1 Re1+ 30. Kh2 Nb3 31. Rxc8+ Bxc8 32. Rb1 Na5 33. Bg5 Bf5
34. Rc1 Nc4 35. a4 Nb2 36. Bb3 Rxc1 37. Bxc1 Nc4 38. Bf4 Bd7 39. Bb8 1/2-1/2

[Event "ENCI Limburg-open B"]
[Site "Maastricht"]
[Date "2008.05.12"]
[Round "6"]
[White "Bieberle, Gerhard"]
[Black "Schwanke, Enno"]
[Result "1-0"]
[WhiteElo "1789"]
[BlackElo "1399"]
[PlyCount "82"]
[EventDate "2008.05.09"]
[EventType "swiss"]
[EventRounds "7"]
[EventCountry "NED"]
[Source "P.Boonen"]
[SourceDate "2010.01.01"]

1. d4 d6 2. c4 g6 3. e4 Nf6 4. f3 Nbd7 5. Nc3 e5 6. d5 c5 7. Bd3 Bg7 8. g4 h5
9. g5 Nh7 10. h4 f6 11. Nh3 Nb6 12. Qd2 Rf8 13. Qg2 f5 14. b3 a5 15. Bb2 f4 16.
O-O Rb8 17. Rfb1 Bd7 18. a3 Qc7 19. Kh2 Nc8 20. Qc2 b6 21. b4 Na7 22. Ne2 Bh8
23. Re1 Bxh3 24. Kxh3 Qd7+ 25. Kh2 Rb7 26. bxa5 bxa5 27. Bc3 a4 28. Rab1 Kf7
29. Rxb7 Qxb7 30. Qxa4 Ra8 31. Rb1 Qc8 32. Rb6 Qd8 33. Rb7+ Kg8 34. Rxa7 Rxa7
35. Qxa7 Nxg5 36. hxg5 Qxg5 37. Be1 h4 38. Qb8+ Kh7 39. Ng1 Qh5 40. Qxd6 g5 41.
Be2 Qxf3 1-0